000 00930nam a2200277 a 4500
001 BRCA_6000
005 20190320205308.0
008 310311s18uu----fr-a######---#000-0#fre-#
041 _afre
044 _afr
050 4 _aN45
_b.R57 1893
100 1 _aRis-Paquot
_915155
245 1 0 _aDictionnaire encyclopédique des marques et monogrammes, chiffres, lettres initiales, signes figuratifs, etc., etc.
_cRis-Paquot.
260 _aParís
_bH. Laurens
_c[1893]
300 _a2 v.
_bil.
_c28 cm.
500 _aIncluye índice alfabético y geográfico
500 _aEdición con cantos dorados
500 _aDiccionario inventariado por Banco de México como libro
500 _aG109
505 0 _aContenido: v.1. A-I. -- v.2. J al fin
650 1 4 _aMarcas de artistas
_vDiccionarios
_96230
650 1 4 _aMonogramas
_vDiccionarios
_915156
650 1 4 _aEnciclopedias y diccionarios
_99441
902 _aGFM
942 _2lcc
_cB
999 _c5689
_d5689